000
00300nam a2200109Ia 4500
008
200302s9999 xx 000 0 und d
100
_a
B. N. Dutta
245
_a
Estimating and Costing In Civil Engineering 25 ed.
260
_b
UBS Publishers Distributors Pvt. Ltd.
260
_c
2002
300
_a
904 P.,
999
_c
1410
_d
1410